| 000 | 00989nam a22002537a 4500 | ||
|---|---|---|---|
| 005 | 20100927123449.0 | ||
| 008 | 100927t xxu||||| |||| 00| 0 mard | ||
| 010 | _aMAR-20310 | ||
| 020 | _c175.00 | ||
| 035 | _aMR-12968 | ||
| 037 | _bDBAD / PUB | ||
| 040 |
_aDPL _bMR |
||
| 082 | _a891.4608 | ||
| 100 |
_aमहाजन,प्रभाकर _921959 |
||
| 245 |
_aशब्दकळा / _cप्रभाकर महाजन |
||
| 246 |
_aShabdakala _bby Prabhakar Mahajan |
||
| 260 |
_aपरभणी _bरूपवेध प्रकाशन _c2007 |
||
| 270 |
_a'योगानंद',विद्यानगर, _bपरभणी |
||
| 300 |
_a184पृ _c21सेमी (अजिल्द) |
||
| 650 | _921960 | ||
| 650 | _921961 | ||
| 942 |
_2ddc _cMR _mमहाज _h891.4608 |
||
| 999 |
_c47851 _d47851 |
||